[Event "Mechanics' Fall TNM; G/2"]
[Site "San Francisco"]
[Date "2016.11.29"]
[Round "7.28"]
[White "McKellar, Daniel"]
[Black "McEnroe, Glenn Aus"]
[Result "1-0"]
[WhiteElo "1745"]
[BlackElo "1508"]
[Annotator "Donaldson"]
[PlyCount "83"]
[EventDate "2016.??.??"]

1. c4 c5 2. Nc3 Nf6 3. g3 Nc6 4. Bg2 g6 5. Nf3 Bg7 6. d4 cxd4 7. Nxd4 Nxd4 8.
Qxd4 O-O 9. O-O d6 10. e4 (10. Qd3 {is more challenging.}) 10... Ne8 $2 (10...
Be6) 11. Qd3 Rb8 12. Be3 b6 (12... a6 13. Ba7 Ra8 14. Bd4) 13. Bd4 e5 $2 (13...
Bxd4 14. Qxd4 Nc7) 14. Be3 Bb7 15. Rfd1 Ba6 16. Rac1 f5 17. f4 Bb7 18. b3 Qe7
19. exf5 Bxg2 20. Kxg2 gxf5 21. Nb5 Qb7+ 22. Qd5+ Qxd5+ 23. Rxd5 Rf6 24. Nxa7
exf4 25. gxf4 Nc7 26. Rd2 Re6 27. Nc6 Rbe8 28. Bxb6 Re2+ 29. Rxe2 Rxe2+ 30. Kf3
Rxa2 31. Bxc7 Rxh2 32. Ne7+ Kf7 33. Nxf5 Bf8 34. Ke4 Ke6 35. Rc3 Kd7 36. Bxd6
Re2+ 37. Kf3 Re8 38. Bxf8 Rxf8 39. Rd3+ Kc6 40. Rd5 Rb8 41. Kg4 Rxb3 42. Nd4+
1-0

[Event "Mechanics' Spring TNM; G/2"]
[Site "San Francisco"]
[Date "2016.04.19"]
[Round "6.25"]
[White "McKellar, Daniel"]
[Black "Nelson, Christopher"]
[Result "1-0"]
[WhiteElo "1616"]
[BlackElo "1732"]
[Annotator "Donaldson"]
[PlyCount "69"]
[EventDate "2016.??.??"]

1. Nf3 e6 2. d4 f5 3. c4 Nf6 4. Nc3 Bb4 5. Qc2 O-O 6. Bg5 d5 7. a3 Bxc3+ 8.
Qxc3 c6 9. e3 Qe8 10. Bf4 Ne4 11. Qc2 Nd7 12. Be2 a6 13. O-O Ndf6 14. Ng5 h6
15. Nxe4 fxe4 16. Qd1 Kh7 17. Be5 b5 18. cxb5 cxb5 19. Rc1 Ra7 20. Rc7 Rxc7 21.
Bxc7 Qe7 22. Qc2 Bd7 23. Bb6 Rc8 24. Bc5 Qe8 25. f3 e5 26. fxe4 Nxe4 27. Qd3
Qg6 28. b4 Bf5 29. Qd1 Qg5 30. dxe5 Nxc5 31. bxc5 Qxe3+ 32. Kh1 Rxc5 $4 {
Diagram [#]} (32... Be4 $19) 33. Rf3 $1 (33. Rxf5 Rc1) 33... Qxe5 34. Rxf5 Qe4
35. Bd3 1-0

[Event "Mechanics' Winter TNM; G/2"]
[Site "San Francisco"]
[Date "2016.02.16"]
[Round "7.24"]
[White "McKellar, Daniel"]
[Black "Newey, Richard H"]
[Result "1/2-1/2"]
[WhiteElo "1616"]
[BlackElo "1819"]
[PlyCount "107"]
[EventDate "2016.??.??"]

1. e4 c5 2. Nf3 d6 3. d4 cxd4 4. Nxd4 Nf6 5. Nc3 Nc6 6. Bg5 e6 7. Qd2 Be7 8.
O-O-O a6 9. f4 O-O 10. Be2 Nxd4 11. Qxd4 Qa5 12. e5 dxe5 13. fxe5 Nd5 14. Bxe7
Nxe7 15. g4 Nc6 16. Qf4 Qxe5 17. Qxe5 Nxe5 18. h4 Bd7 19. Bf3 Bc6 20. Bxc6 Nxc6
21. Rd7 Rab8 22. g5 Rfe8 23. Rf1 Re7 24. Rfd1 Kf8 25. Ne4 Ke8 26. Nc5 Rxd7 27.
Rxd7 Ne5 28. Rc7 Kd8 29. Nxe6+ fxe6 30. Rxg7 Rc8 31. Rxh7 Rc7 32. Rxc7 Kxc7 33.
h5 Nf7 34. g6 Nh6 35. Kd2 Kd6 36. Ke3 Ke5 37. c4 Nf5+ 38. Kf3 Kf6 39. Kf4 e5+
40. Kf3 Kg5 41. Ke4 Kf6 42. Kf3 Ke6 43. g7 Kf7 44. Ke4 Nd6+ 45. Kxe5 Nxc4+ 46.
Kd4 Nxb2 47. h6 b5 48. Kc3 Nc4 49. Kb4 Kg8 50. a4 Nd6 51. axb5 axb5 52. Kc5 Kf7
53. Kb4 Kg8 54. Kc5 1/2-1/2

[Event "Mechanics' Spring TNM; G/2"]
[Site "San Francisco"]
[Date "2016.05.03"]
[Round "8.24"]
[White "McKellar, Daniel"]
[Black "Shnaiderman, Lazar"]
[Result "1/2-1/2"]
[WhiteElo "1616"]
[BlackElo "1814"]
[PlyCount "62"]
[EventDate "2016.??.??"]

1. e4 c5 2. Nf3 d6 3. d4 cxd4 4. Nxd4 Nf6 5. Nc3 Nc6 6. Be2 g6 7. Be3 Bg7 8. f3
O-O 9. Qd2 d5 10. Nxc6 bxc6 11. e5 Nd7 12. f4 e6 13. O-O f6 14. exf6 Nxf6 15.
Rad1 Qa5 16. a3 Nd7 17. Bd4 Bxd4+ 18. Qxd4 Qb6 19. Qxb6 axb6 20. Bg4 Nf6 21.
Bh3 Re8 22. Rfe1 Nh5 23. g3 Ng7 24. Ne2 e5 25. Bxc8 Raxc8 26. fxe5 Rxe5 27. Nd4
Rxe1+ 28. Rxe1 Kf7 29. Kf2 c5 30. Nb5 Rc6 31. Re3 d4 1/2-1/2

[Event "Mechanics' Alan Benson TNM; G/2"]
[Site "San Francisco"]
[Date "2016.08.02"]
[Round "1.15"]
[White "McKellar, Daniel"]
[Black "Simpkins, Jerry"]
[Result "1/2-1/2"]
[WhiteElo "1745"]
[BlackElo "1542"]
[PlyCount "133"]
[EventDate "2016.??.??"]

1. d4 e5 2. dxe5 Nc6 3. Nf3 Qe7 4. g3 Nxe5 5. Bg2 Nxf3+ 6. Bxf3 c6 7. O-O g6 8.
Qd4 Nf6 9. e4 Bg7 10. e5 Nh5 11. Bxh5 Bxe5 12. Qd1 gxh5 13. Re1 O-O 14. Qxh5 f6
15. Bh6 Re8 16. Nd2 Qf7 17. Qxf7+ Kxf7 18. Nc4 d5 19. Rxe5 fxe5 20. Nd6+ Ke7
21. Nxe8 Kxe8 22. Re1 e4 23. f3 Bf5 24. g4 Bg6 25. h4 Kd7 26. h5 Bf7 27. fxe4
dxe4 28. Rxe4 Bxa2 29. Rd4+ Ke6 30. Be3 b5 31. b3 a5 32. Rd1 a4 33. Ra1 axb3
34. cxb3 Kd5 35. g5 Re8 36. Rd1+ Ke4 37. Bc5 Ra8 38. Be7 Bxb3 39. Rd6 Bd5 40.
Rh6 Ra7 41. Bf6 Rb7 42. g6 hxg6 43. Rxg6 Rh7 44. Rg5 b4 45. Bg7 Kf4 46. Bf6 Rf7
47. Rg6 Kf5 48. Bb2 Rh7 49. Rf6+ Kg5 50. h6 Rxh6 51. Rxh6 Kxh6 52. Kf2 Kg5 53.
Ke3 Kf5 54. Kd2 Ke4 55. Bg7 c5 56. Kc2 Bc4 57. Bf6 Bd3+ 58. Kb3 Kd5 59. Bg7
Bc4+ 60. Kc2 Ba2 61. Bf6 c4 62. Bg7 Bb3+ 63. Kd2 Ba2 64. Kc2 Ke4 65. Bf8 b3+
66. Kb2 Kd3 67. Bg7 1/2-1/2

[Event "Mechanics' Winter TNM; G/2"]
[Site "San Francisco"]
[Date "2016.01.05"]
[Round "1.8"]
[White "McKellar, Daniel"]
[Black "Tracy, Joseph J"]
[Result "0-1"]
[WhiteElo "1616"]
[BlackElo "2179"]
[PlyCount "54"]
[EventDate "2016.??.??"]

1. d4 e6 2. c4 Nf6 3. Nc3 Bb4 4. Qc2 O-O 5. Nf3 b6 6. e3 Bb7 7. Be2 d5 8. cxd5
exd5 9. O-O Nbd7 10. Bd2 a6 11. a3 Bd6 12. b4 Re8 13. Bd3 Ne4 14. Qb3 Ndf6 15.
b5 a5 16. Qc2 Qd7 17. Ne2 g5 18. Ng3 h5 19. Bxe4 dxe4 20. Nxg5 h4 21. Ne2 Qg4
22. Nxf7 Kxf7 23. Nf4 Bxf4 24. exf4 h3 25. g3 Qf3 26. Qxc7+ Re7 27. Qc4+ Bd5
0-1

[Event "Mechanics' Fall TNM; G/2"]
[Site "San Francisco"]
[Date "2016.11.08"]
[Round "4.21"]
[White "McKellar, Daniel"]
[Black "Uzzaman, Ashik"]
[Result "0-1"]
[WhiteElo "1556"]
[BlackElo "1745"]
[PlyCount "60"]
[EventDate "2016.??.??"]

1. d4 Nf6 2. c4 e6 3. Nc3 Bb4 4. Qc2 b6 5. Bg5 O-O 6. Nf3 d5 7. e3 Ba6 8. Ne5
h6 9. Bxf6 gxf6 10. Ng6 Re8 11. cxd5 Bxc3+ 12. bxc3 Bxf1 13. Kxf1 Qxd5 14. Nf4
Qc4+ 15. Qd3 Qxd3+ 16. Nxd3 Nc6 17. Nb4 Na5 18. Ke2 Rac8 19. Kd3 c5 20. Nc2 e5
21. f3 Re7 22. g4 cxd4 23. cxd4 Rec7 24. Rhc1 exd4 25. exd4 Rc3+ 26. Kd2 Rxf3
27. Rf1 Nc4+ 28. Ke2 Rc3 29. Nb4 Re8+ 30. Kf2 Nd6 {and Black later won.} 0-1

[Event "Mechanics' Spring TNM; G/2"]
[Site "San Francisco"]
[Date "2016.03.22"]
[Round "2.40"]
[White "Mckellar, Daniel"]
[Black "Boldi, Nicholas Ar"]
[Result "1-0"]
[WhiteElo "1616"]
[BlackElo "964"]
[PlyCount "123"]
[EventDate "2016.??.??"]

1. e4 e5 2. Nf3 Nc6 3. Bb5 d6 4. O-O Nf6 5. Re1 Be7 6. d4 a6 7. Bxc6+ bxc6 8.
dxe5 dxe5 9. Qxd8+ Bxd8 10. Nxe5 Bb7 11. c4 O-O 12. Nc3 Re8 13. Nd3 Be7 14. Bf4
Rad8 15. Rad1 Rc8 16. c5 a5 17. a3 Ba6 18. b4 axb4 19. axb4 Red8 20. Ne5 Rxd1
21. Rxd1 Bb7 22. f3 Ra8 23. Nd7 Rc8 24. g4 h6 25. Ne5 g5 26. Bg3 Ba8 27. Nc4 h5
28. h3 h4 29. Bh2 Bb7 30. Na5 Ba8 31. Rd4 Kh7 32. Ne2 Kg7 33. Nc1 Ne8 34. Rd7
Kf8 35. Nd3 f6 36. e5 Rd8 37. Rxd8 Bxd8 38. exf6 Nxf6 39. Ne5 Nd5 40. Naxc6
Bxc6 41. Nxc6 Ke8 42. Nxd8 Kxd8 43. b5 Kc8 44. Be5 Kb7 45. Kf2 c6 46. b6 Nxb6
47. cxb6 Kxb6 48. Bf6 c5 49. Bxg5 c4 50. f4 Kb5 51. f5 c3 52. f6 c2 53. f7 c1=Q
54. Bxc1 Kc4 55. f8=Q Kd4 56. Be3+ Kc4 57. Qc5+ Kb3 58. g5 Kb2 59. g6 Kb3 60.
g7 Kb2 61. g8=Q Kb1 62. Qc1# 1-0

[Event "Mechanics' Alan Benson TNM; G/2"]
[Site "San Francisco"]
[Date "2016.09.13"]
[Round "7.12"]
[White "Melville, Cailen"]
[Black "Andries, W Craig"]
[Result "1-0"]
[WhiteElo "1985"]
[BlackElo "1877"]
[Annotator "Winslow,Elliott"]
[PlyCount "102"]
[EventDate "2016.??.??"]

1. d4 Nf6 2. c4 g6 3. f3 Bg7 4. e4 d6 5. Nc3 O-O 6. Bg5 h6 7. Be3 c6 8. Qd2 Kh7
9. Nge2 Qa5 10. Ng3 Nbd7 11. Rc1 a6 12. Bd3 b5 13. b3 Rb8 14. O-O e5 15. d5 b4
16. Nce2 c5 17. h3 Qd8 18. f4 Ng8 19. f5 Ndf6 20. Kh2 Bd7 21. Ng1 Qe7 22. Nf3
gxf5 23. exf5 e4 {Diagram [#] Initiating combination upon combination!} 24.
Rce1 exd3 25. Bxc5 Qd8 26. Bxd6 Re8 27. Ne5 Rxe5 28. Bxe5 Ng4+ 29. hxg4 Qh4+
30. Kg1 Bxe5 31. Rxe5 Qxg3 32. Re3 Qd6 33. Qxd3 Nf6 34. Qd4 Kg7 35. Rfe1 Rc8
36. Re7 Qc5 37. Qxc5 Rxc5 38. Kf2 Nxg4+ 39. Kg3 Nf6 (39... Bxf5 40. Rb7 (40.
Rf1 Kg6)) 40. Kf4 Kf8 41. R1e2 a5 42. R7e5 a4 43. g4 axb3 44. axb3 Rc8 45. Rh2
Ng8 46. g5 hxg5+ 47. Kg4 f6 48. Re3 Kg7 49. Reh3 Be8 50. Rh7+ Kf8 51. d6 Rd8 {
Time scramble: White won} 1-0

[Event "Mechanics' Fall TNM; G/2"]
[Site "San Francisco"]
[Date "2016.11.15"]
[Round "5.7"]
[White "Melville, Cailen"]
[Black "Andries, W Craig"]
[Result "1/2-1/2"]
[WhiteElo "1872"]
[BlackElo "1877"]
[Annotator "Donaldson"]
[PlyCount "26"]
[EventDate "2016.??.??"]

1. d4 g6 2. c4 Bg7 3. e4 d6 4. Nc3 Nd7 5. f3 e5 6. d5 Ne7 (6... Bh6 {
to trade off the bad bishop was another idea.}) 7. Be3 f5 8. Qd2 f4 9. Bf2 a6
10. O-O-O b6 11. g4 Bb7 12. h4 h6 13. g5 hxg5 1/2-1/2

[Event "Mechanics' Summer TNM; G/2"]
[Site "San Francisco"]
[Date "2016.06.28"]
[Round "6.11"]
[White "Melville, Cailen"]
[Black "Askin, Michael"]
[Result "0-1"]
[WhiteElo "1901"]
[BlackElo "2037"]
[PlyCount "64"]
[EventDate "2016.??.??"]

1. d4 d5 2. c4 e6 3. Nf3 Nf6 4. g3 dxc4 5. Bg2 a6 6. O-O Nc6 7. e3 Rb8 8. Qc2
b5 9. Bd2 Nb4 10. Bxb4 Bxb4 11. b3 cxb3 12. axb3 Bb7 13. Ne5 Bxg2 14. Kxg2 Rb6
15. Rc1 Qd5+ 16. Kg1 Bd6 17. Nc3 Qb7 18. Ne2 O-O 19. Nc6 Nd7 20. e4 e5 21. d5
Nb8 22. Na5 Qc8 23. Qd2 Qg4 24. Qe3 f5 25. f3 Qh5 26. g4 fxg4 27. Ng3 Qh3 28.
Nf5 gxf3 29. Ra2 Rf6 30. Nxd6 Rg6+ 31. Kh1 Rg2 32. Rcc2 Qxh2# 0-1

[Event "Mechanics' Winter TNM; G/2"]
[Site "San Francisco"]
[Date "2016.01.12"]
[Round "2.3"]
[White "Melville, Cailen"]
[Black "Byambaa, Uyanga"]
[Result "1-0"]
[WhiteElo "1861"]
[BlackElo "2241"]
[Annotator "Donaldson"]
[PlyCount "97"]
[EventDate "2016.??.??"]

1. d4 Nf6 2. c4 g6 3. Bg5 Bg7 4. Nc3 O-O 5. e4 d6 6. Qd2 Nbd7 7. Nf3 c6 8. Rd1
Qa5 9. Be2 e5 10. O-O Re8 11. d5 cxd5 12. Bxf6 Nxf6 13. Nxd5 Qxd2 14. Nxf6+
Bxf6 15. Rxd2 Be7 16. Ne1 Be6 17. b3 Rec8 18. Nc2 Rc6 19. g3 a5 20. a4 f5 21.
Bf3 Rb6 22. Rd3 Kg7 23. Ne3 Rc8 24. exf5 gxf5 25. Bd5 Kf6 26. Re1 Bf8 27. Bxe6
Kxe6 28. Nd5 Rbc6 29. Rf3 h5 30. Rf4 Bg7 31. Rh4 Rh8 32. Rxh5 Rxh5 33. Nf4+ Kf7
34. Nxh5 Bh6 35. h3 Kg6 $2 (35... Rb6 36. Rb1 Rb4 37. Kg2 Kg6 38. g4 fxg4 39.
hxg4 d5 $11) 36. g4 f4 37. Kg2 Bg5 38. Kf3 Bh4 39. Re2 Bd8 40. Ke4 Bb6 41. Kd5
Bc5 42. Ke6 Bd4 43. Rd2 Bc5 44. f3 Bb4 45. Rd3 Rb6 46. Kd7 Kf7 47. Kc7 Bc5 48.
g5 Rb4 49. Nf6 1-0

[Event "Mechanics' Fall TNM; G/2"]
[Site "San Francisco"]
[Date "2016.11.29"]
[Round "7.27"]
[White "Melville, Cailen"]
[Black "Eastham, Asher Dan"]
[Result "0-1"]
[WhiteElo "1872"]
[BlackElo "1548"]
[PlyCount "60"]
[EventDate "2016.??.??"]

1. d4 d5 2. c4 e6 3. Nf3 Nf6 4. g3 Be7 5. Bg2 O-O 6. O-O dxc4 7. Ne5 Nbd7 8.
Nxc4 Rb8 9. e4 b6 10. Nc3 Bb7 11. Qc2 Re8 12. Bf4 Nf8 13. Nb5 Qd7 14. Nxc7 Rec8
15. d5 b5 16. Ne5 Qxc7 17. Nc6 Bd6 18. Bxd6 Qxd6 19. e5 Qxe5 20. Ne7+ Kh8 21.
Nxc8 Rxc8 22. Qb3 a6 23. Rfe1 Qc7 24. dxe6 Nxe6 25. Bxb7 Qxb7 26. Rad1 Ng5 27.
Kf1 Qh1+ 28. Ke2 Re8+ 29. Kd2 Nf3+ 30. Kc1 Rxe1 0-1

[Event "Mechanics' Winter TNM; G/2"]
[Site "San Francisco"]
[Date "2016.02.23"]
[Round "8.8"]
[White "Melville, Cailen"]
[Black "Krasnov, Steven Le"]
[Result "0-1"]
[WhiteElo "1861"]
[BlackElo "1958"]
[Annotator "Donaldson"]
[PlyCount "104"]
[EventDate "2016.??.??"]

1. d4 Nf6 2. c4 e6 3. g3 Bb4+ 4. Bd2 c5 5. Bxb4 cxb4 6. Bg2 Nc6 7. Nf3 Qc7 8.
e3 d6 9. O-O O-O 10. Nbd2 h6 11. Rc1 Bd7 12. Nb3 a5 13. d5 Ne7 14. dxe6 fxe6
15. Nbd4 Qb6 16. Bh3 (16. Nb5 $5 Bxb5 (16... Ra6) 17. cxb5 d5 $2 18. Qd4 $1 $14
) 16... Nf5 $2 (16... e5 $11) 17. Nxf5 exf5 18. Nh4 (18. Qd4 $1) 18... Qc5 19.
Qf3 Ne4 20. Bg2 $2 Bc6 (20... g5 $1 21. Ng6 Rfe8 22. h4 Kg7 $17) 21. Qe2 Rf6
22. Nf3 Re8 23. Nd4 Bd7 24. Rfd1 Ba4 25. Nb3 Qc7 26. Rd5 Bxb3 27. axb3 Nc5 28.
Qc2 g6 29. Rcd1 b6 30. Bf3 Kg7 31. R1d2 Re5 32. Qd1 Rxd5 33. Rxd5 Qe7 34. Be2
Re6 35. Bd3 Re5 36. Be2 Rxd5 37. Qxd5 Qe5 38. Qd4 Kf6 39. Qh4+ Kg7 40. Bd1 $6 (
40. Qd4 $11) 40... Nd3 41. Qd8 h5 42. Bf3 Qxb2 43. Qe7+ Kh6 44. Qf8+ Kh7 45.
Qf7+ Qg7 46. Qd5 Ne5 47. Bg2 Qc7 (47... a4 $1 48. bxa4 b3 49. Qd1 b2 $19) 48.
h3 {Diagram [#]} a4 $1 49. bxa4 b3 50. Bf1 b2 51. Qb5 Qc6 $2 (51... Nf3+ 52.
Kg2 Ne1+ 53. Kg1 Qg7 $17) 52. Qxc6 $2 (52. Qxb2 Nf3+ 53. Kg2 {
and Black does not have a good double check.}) 52... Nxc6 0-1

[Event "Mechanics' Alan Benson TNM; G/2"]
[Site "San Francisco"]
[Date "2016.09.27"]
[Round "9.14"]
[White "Melville, Cailen"]
[Black "Kuczek, Kevin W"]
[Result "1-0"]
[WhiteElo "1985"]
[BlackElo "1742"]
[PlyCount "79"]
[EventDate "2016.??.??"]

1. d4 Nf6 2. c4 e6 3. g3 Bb4+ 4. Bd2 c5 5. Bxb4 cxb4 6. Bg2 d5 7. Nd2 O-O 8. e3
Nc6 9. Ne2 Bd7 10. Nf4 dxc4 11. Nxc4 Qe7 12. Nd3 Rac8 13. Nce5 a5 14. f4 b6 15.
O-O Rc7 16. Re1 Rfc8 17. Rc1 Nxe5 18. fxe5 Rxc1 19. Nxc1 Nd5 20. Be4 Qg5 21.
Qd2 g6 22. Nd3 Ne7 23. Nf2 Nf5 24. Bg2 Bc6 25. Bxc6 Rxc6 26. Ne4 Qe7 27. Qg2
Qc7 28. Nf6+ Kh8 29. g4 Rc4 30. Qa8+ Qc8 31. Qxc8+ Rxc8 32. gxf5 gxf5 33. Re2
Kg7 34. Rg2+ Kh6 35. h4 Rc1+ 36. Kh2 a4 37. Rg5 Rc2+ 38. Kh3 Rc8 39. Ng8+ Rxg8
40. Rxg8 1-0

[Event "Mechanics' Summer TNM; G/2"]
[Site "San Francisco"]
[Date "2016.07.12"]
[Round "8.12"]
[White "Melville, Cailen"]
[Black "Maser, Thomas F"]
[Result "1-0"]
[WhiteElo "1901"]
[BlackElo "1985"]
[PlyCount "71"]
[EventDate "2016.??.??"]

1. d4 Nf6 2. c4 e6 3. g3 Bb4+ 4. Bd2 a5 5. Bg2 d5 6. Nf3 dxc4 7. e3 O-O 8. O-O
Nc6 9. a3 Bd6 10. Nc3 e5 11. d5 Ne7 12. e4 c6 13. Bg5 cxd5 14. Bxf6 gxf6 15.
Nd2 d4 16. Nxc4 dxc3 17. Nxd6 c2 18. Qd2 Ra6 19. Nc4 Qxd2 20. Nxd2 Rd8 21. Nc4
Nc6 22. Rae1 Be6 23. Ne3 Nd4 24. Kh1 Rb6 25. b4 axb4 26. axb4 Rxb4 27. Rc1 Bc4
28. Nxc2 Bxf1 29. Nxb4 Bxg2+ 30. Kxg2 Kf8 31. Rc7 Rb8 32. Nd5 Ne6 33. Rd7 b5
34. Nxf6 b4 35. Rd1 b3 $4 (35... Kg7 $17) 36. Nd7+ 1-0

[Event "Mechanics' Spring TNM; G/2"]
[Site "San Francisco"]
[Date "2016.04.05"]
[Round "4.12"]
[White "Melville, Cailen"]
[Black "Mays, Jerry L"]
[Result "1-0"]
[WhiteElo "1811"]
[BlackElo "1986"]
[PlyCount "65"]
[EventDate "2016.??.??"]

1. d4 Nf6 2. c4 g6 3. Bg5 Bg7 4. Nc3 d6 5. e4 O-O 6. Qd2 c5 7. d5 Nbd7 8. Nf3
Ng4 9. h3 Nge5 10. Nxe5 Nxe5 11. Be2 f5 12. exf5 Bxf5 13. Be3 a6 14. O-O Rb8
15. g4 Bd7 16. f4 Nf7 17. Rf2 b5 18. Raf1 bxc4 19. Bxc4 Rb4 20. b3 a5 21. Rg2
Qb6 22. Ne4 a4 23. a3 Rxb3 24. Bxb3 Qxb3 25. Rg3 Qc4 26. Qg2 Rb8 27. Rc1 Qa6
28. Rc2 Rb3 29. Bf2 c4 30. Kh2 Qc8 31. Qg1 {Diagram [#]} g5 $1 32. Nxg5 Nxg5
33. fxg5 {Both sides were in time pressure at this point and stopped keeping
score. White won the game, but after 33...Be5 Black should have.} 1-0

[Event "Mechanics' Summer TNM; G/2"]
[Site "San Francisco"]
[Date "2016.06.14"]
[Round "4.21"]
[White "Melville, Cailen"]
[Black "Petty, Samuel J"]
[Result "1-0"]
[WhiteElo "1901"]
[BlackElo "1718"]
[PlyCount "71"]
[EventDate "2016.??.??"]

1. d4 Nf6 2. c4 g6 3. f3 Bg7 4. e4 d6 5. Nc3 O-O 6. Bg5 Nbd7 7. Qd2 c5 8. d5 a6
9. a4 Qc7 10. Nh3 Rd8 11. a5 b6 12. axb6 Qxb6 13. Be2 Nf8 14. Nf2 Bd7 15. h4
Rdb8 16. Nd3 e6 17. g4 exd5 18. Bxf6 Bxf6 19. Nxd5 Qd8 20. h5 Be6 21. hxg6 fxg6
22. N5f4 Bxc4 23. Ne5 dxe5 24. Bxc4+ Kg7 25. Nd5 Ra7 26. Qc3 Ne6 27. Nxf6 Kxf6
28. Bxe6 Kxe6 29. Qxc5 Qb6 30. Qd5+ Kf6 31. g5+ Kg7 32. Qxe5+ Kf8 33. Qh8+ Ke7
34. Rxh7+ Kd6 35. Rd1+ Kc6 36. Qc3+ 1-0

[Event "Mechanics' Alan Benson TNM; G/2"]
[Site "San Francisco"]
[Date "2016.08.16"]
[Round "3.16"]
[White "Melville, Cailen"]
[Black "Rakonitz, David"]
[Result "1-0"]
[WhiteElo "1985"]
[BlackElo "1646"]
[PlyCount "115"]
[EventDate "2016.??.??"]

1. d4 Nf6 2. c4 e6 3. g3 d5 4. Nf3 Be7 5. Bg2 O-O 6. O-O Nbd7 7. Qc2 c6 8. Nbd2
b6 9. e4 dxe4 10. Nxe4 Bb7 11. Nxf6+ Bxf6 12. Rd1 Qe7 13. Bf4 Rac8 14. h4 h6
15. Ne5 Nb8 16. Ng4 Bxh4 17. gxh4 Qxh4 18. Bf3 h5 19. Bg3 Qg5 20. Qe2 hxg4 21.
Bxg4 Rfe8 22. f4 Qg6 23. Rd3 c5 24. Bh5 Qe4 25. Kh2 Qxe2+ 26. Bxe2 Nd7 27. Bh4
g6 28. Re1 cxd4 29. Rxd4 Nb8 30. Bf6 Rc5 31. Rd3 Rf5 32. Be5 f6 33. Bg4 fxe5
34. Bxf5 exf5 35. Rd6 Kf7 36. fxe5 Be4 37. Rg1 f4 38. Rf6+ Kg7 39. Rxf4 Rxe5
40. Re1 Rh5+ 41. Kg3 Rg5+ 42. Kf2 Bf5 43. Re7+ Kh6 44. Rxa7 Nc6 45. Rb7 Ne5 46.
Rh4+ Rh5 47. Rxh5+ Kxh5 48. Rxb6 Nxc4 49. Rb8 Ne5 50. b4 Kg4 51. a4 Nc6 52. Rb6
Nd4 53. a5 Kf4 54. a6 Be4 55. b5 g5 56. a7 g4 {Diagram [#]} 57. Rf6+ $1 Ke5 {
Diagram [#]} 58. Rc6 $1 1-0

[Event "Mechanics' Alan Benson TNM; G/2"]
[Site "San Francisco"]
[Date "2016.08.30"]
[Round "5.11"]
[White "Melville, Cailen"]
[Black "Royzen, Igor"]
[Result "1-0"]
[WhiteElo "1985"]
[BlackElo "1867"]
[PlyCount "56"]
[EventDate "2016.??.??"]

1. d4 Nf6 2. c4 c5 3. d5 b5 4. cxb5 a6 5. Nc3 g6 6. e4 d6 7. Nf3 Bg7 8. Bf4 O-O
9. e5 Ng4 10. Qe2 Nd7 11. exd6 exd6 12. Ne4 Re8 13. Nfg5 Ndf6 14. Nxf7 Qa5+ 15.
Bd2 Qxb5 16. Nfxd6 Qxb2 17. Rd1 Bf5 18. Nxf6+ Nxf6 19. Nxe8 Rxe8 20. Be3 Bc2
21. Rc1 Nxd5 22. Qxc2 Qb4+ 23. Qd2 Bc3 24. Rxc3 Nxc3 25. Bxa6 Kg7 26. O-O Ra8
27. Bc4 Ra4 28. Bb3 Nxa2 1-0

[Event "Mechanics' Summer TNM; G/2"]
[Site "San Francisco"]
[Date "2016.05.31"]
[Round "2.3"]
[White "Melville, Cailen"]
[Black "Shaw, Tenzing Will"]
[Result "1/2-1/2"]
[WhiteElo "1901"]
[BlackElo "2292"]
[Annotator "Donaldson"]
[PlyCount "28"]
[EventDate "2016.??.??"]

1. d4 d5 2. c4 c6 3. Nf3 Nf6 4. g3 Bf5 5. Bg2 e6 6. Nh4 $6 Be4 7. f3 $2 Bxb1 8.
Rxb1 Qa5+ 9. Bd2 Qxa2 $2 (9... Bb4 $1 $17) 10. c5 b6 11. Ra1 Qxb2 12. e3 (12.
Rb1 Qxd4) 12... bxc5 {Diagram [#]} (12... Nbd7 13. Rb1 Qa2 14. Ra1 $11) 13. Rb1
$1 {Forcing the draw.} Qa2 14. Ra1 Qb2 1/2-1/2

[Event "Mechanics' Alan Benson TNM; G/2"]
[Site "San Francisco"]
[Date "2016.08.02"]
[Round "1.14"]
[White "Melville, Cailen"]
[Black "Starr, Albert Mart"]
[Result "0-1"]
[WhiteElo "1985"]
[BlackElo "1518"]
[Annotator "Donaldson"]
[PlyCount "120"]
[EventDate "2016.??.??"]

1. d4 f5 2. g3 Nf6 3. c4 g6 4. Bg2 Bg7 5. Nf3 d6 6. O-O O-O 7. Nc3 c6 8. Rb1 h6
9. b4 Be6 10. Nd2 Qc8 11. b5 Nbd7 12. bxc6 bxc6 13. d5 cxd5 14. cxd5 Bf7 15.
Bb2 Nb6 16. Rc1 Qa6 17. e4 fxe4 18. Ndxe4 Nxe4 19. Bxe4 Rab8 20. Rc2 Qb7 21.
Qf3 Nc4 22. Ba1 Ne5 23. Qe2 Rfc8 24. Rb2 Qd7 25. Rxb8 Rxb8 26. Bg2 Be8 27. Re1
g5 28. Be4 Bg6 29. Bxg6 Nxg6 30. Qe6+ Qxe6 31. Rxe6 Kf7 32. Re1 Ne5 33. Kg2 Rc8
34. Nb5 a6 35. Nd4 Rc5 36. Ne6 Rxd5 37. Nxg7 Kxg7 38. f4 Rd2+ 39. Kg1 gxf4 40.
gxf4 Rxa2 41. fxe5 d5 42. Rf1 (42. e6+ Kg6 43. Rd1 Kf5 44. Rxd5+ Kxe6 45. Re5+
{leaves White better but with a draw likely.}) 42... e6 43. Bd4 Rc2 {
Diagram [#]} (43... Re2) 44. Rb1 (44. Rf6 $1 Rc6 45. Be3 $18) 44... a5 45. Rb7+
$2 {Activating Black's king.} Kg6 46. Ra7 Rc4 47. Bf2 a4 48. Kf1 d4 $2 (48...
Kf5) 49. Rd7 (49. Ke2 $1) 49... a3 50. Rxd4 $4 (50. Ra7 $11) 50... a2 $2 (50...
Rc1+ 51. Ke2 a2 $19) 51. Rd1 Rc2 52. Kg2 $11 Rb2 53. Ra1 Kf5 54. Kg3 Kxe5 55.
Be3 h5 56. h3 Kf5 57. Kh4 Kg6 58. Rg1+ Kf5 59. Rg5+ $4 (59. Ra1 $11) 59... Ke4
60. Ra5 Kxe3 0-1

[Event "Mechanics' Winter TNM; G/2"]
[Site "San Francisco"]
[Date "2016.02.09"]
[Round "6.10"]
[White "Melville, Cailen"]
[Black "Steger, Eric Alan"]
[Result "1-0"]
[WhiteElo "1861"]
[BlackElo "2038"]
[PlyCount "37"]
[EventDate "2016.??.??"]

1. d4 Nf6 2. c4 g6 3. Bg5 Bg7 4. Nc3 O-O 5. e4 d6 6. Qd2 c5 7. d5 Re8 8. f3 e6
9. Nge2 Qa5 10. Nb5 Qb6 11. dxe6 Rxe6 12. Nf4 Nxe4 13. fxe4 Rxe4+ 14. Be2 Be5
15. Nd5 Qa6 16. Ne7+ Kf8 17. Nxc8 f6 18. O-O Nc6 19. Nc7 1-0

[Event "Mechanics' Winter TNM; G/2"]
[Site "San Francisco"]
[Date "2016.01.26"]
[Round "4.5"]
[White "Melville, Cailen"]
[Black "Vickers, Keith"]
[Result "1/2-1/2"]
[WhiteElo "1861"]
[BlackElo "2200"]
[PlyCount "49"]
[EventDate "2016.??.??"]

1. d4 d5 2. c4 c6 3. Nf3 Nf6 4. Nc3 g6 5. cxd5 cxd5 6. Bf4 Bg7 7. e3 O-O 8. Bd3
a6 9. O-O Nc6 10. h3 Bf5 11. Ne5 Bxd3 12. Nxd3 e6 13. Bh2 Nd7 14. Kh1 b5 15. f4
f5 16. Bg3 Qe7 17. Rc1 Rfc8 18. Ne2 Nb4 19. Qb3 Nxd3 20. Qxd3 Nb6 21. b3 Qa3
22. Qd2 Bf8 23. Rxc8 Rxc8 24. Rc1 Qb4 25. Be1 1/2-1/2

[Event "Mechanics' Fall TNM; G/2"]
[Site "San Francisco"]
[Date "2016.11.01"]
[Round "3.4"]
[White "Melville, Cailen"]
[Black "Viswanath Natraj, Ganesh"]
[Result "0-1"]
[WhiteElo "1872"]
[BlackElo "2132"]
[PlyCount "48"]
[EventDate "2016.??.??"]

1. d4 Nf6 2. c4 e6 3. g3 d5 4. Nf3 dxc4 5. Bg2 a6 6. a4 Nc6 7. e3 Rb8 8. O-O
Be7 9. Nfd2 e5 10. Bxc6+ bxc6 11. dxe5 Ng4 12. Nxc4 Qxd1 13. Rxd1 Be6 14. Na5
Nxe5 15. f4 Bb4 16. fxe5 Bxa5 17. Nc3 O-O 18. e4 f6 19. exf6 Rxf6 20. Be3 Rxb2
21. Bd4 Bb6 22. Nb5 cxb5 23. Bxb6 cxb6 24. axb5 Rff2 0-1